The english verb

Uloženo v:
Podrobná bibliografie
Hlavní autor: Palmer, Frank Robert (Autor)
Médium: Kniha
Jazyk:angličtina
Vydáno: Londres Longman 1988
Vydání:2a. ed
Edice:Longman Linguistics library
Témata:
Tagy: Přidat tag
Žádné tagy, Buďte první, kdo vytvoří štítek k tomuto záznamu!

MARC

LEADER 00000nam a2200000 a 4500
001 UCW8418
003 CL-VaPUC
008 880905e19880000UK |||||||||||||||||eng|d
082 0 4 |a 425  |b PAL  |2 21 
100 0 |a Palmer, Frank Robert  |e author  |9 313580 
245 1 4 |a The english verb 
250 |a 2a. ed 
300 |a 268 p 
942 |c BK 
945 |d 19880905 00:00:00 
260 |a Londres  |b Longman  |c 1988 
650 0 |a Inglés  |x Verbos  |9 313581 
583 |a last modification  |c 19880905 00:00:00  |k Rodrigo Vera 
490 0 |a Longman Linguistics library 
999 |c 220795  |d 220793 
952 |0 0  |1 0  |4 0  |6 425_000000000000000_PAL_1988  |7 0  |8 A  |9 213479  |a FDOPOS  |b FDOPOS  |d 2019-11-15  |i 369514K  |o 425 PAL 1988  |p 369514K  |r 2025-01-22  |w 2019-11-15  |y BK  |k MLA